Ιστορία της εκπαιδεύσεως κατά την αρχαιότητα
Αποθηκεύτηκε σε:
| Κύριος συγγραφέας: | |
|---|---|
| Άλλοι συγγραφείς: | |
| Μορφή: | Βιβλίο |
| Γλώσσα: | Greek |
| Δημοσίευση: |
Αθήναι :
[χ.ό.],
1961.
|
| Έκδοση: | 5η εκδ. αναθ.και επαυξ. |
| Θέματα: | |
| Ετικέτες: |
Προσθήκη ετικέτας
Δεν υπάρχουν, Καταχωρήστε ετικέτα πρώτοι!
|
MARC
| LEADER | 00000cam a2200000 i 4500 | ||
|---|---|---|---|
| 001 | 1/77702 | ||
| 008 | 960819s1961 gr | ||| |||| ||gre|| | ||
| 035 | |a 1993 |b 1 |c Χιωτάκης |l 10032731 | ||
| 040 | |a GR-MY-UA |b gre |e aacr | ||
| 041 | 0 | |a gre | |
| 082 | 7 | |a 370.93 |2 (22) | |
| 100 | 1 | |a Marrou, Henri Irenee. | |
| 245 | 1 | 0 | |a Ιστορία της εκπαιδεύσεως κατά την αρχαιότητα / |c Henri Irenee Marrou ; μετάφραση: Θ. Φωτεινόπουλου. |
| 250 | |a 5η εκδ. αναθ.και επαυξ. | ||
| 260 | |a Αθήναι : |b [χ.ό.], |c 1961. | ||
| 300 | |a 569 σ. : |b εικ. ; |c 24 εκ. | ||
| 500 | |a Τίτλος πρωτοτύπου: Histoire de l'éducation dans l'antiquité | ||
| 504 | |a Περιλαμβάνει βιβλιογραφικές παραπομπές. | ||
| 650 | 0 | 0 | |a Education, Ancient. |
| 650 | 0 | 0 | |a Education, Medieval. |
| 700 | 1 | |a Φωτεινόπουλος, Θεόδωρος, |e trl | |
| 852 | |a INST |b RHODES |e 19960819 |h 370.93 MAR |p 005400009769 |q 005400009769 |t BK |y 0 | ||
| 852 | |a INST |b RHODES |c AKA |e 20221109 |h 370.93 MAR |p 005400043139 |q 005400043139 |t BK |y 0 | ||
| 909 | |a Ρ |b 025831 | ||
| 970 | |z 2000/07/ΚΑΤΕΡΙΝΑ | ||